000 00335nam a2200145Ia 4500
008 150201s2004 xx 000 0 und d
082 _a618
_bO2004D
100 _aDAWN,C.S.
245 _aTEXT BOOK OF OBSTETRICS
250 _a14TH
260 _bDAWN BOOKS
_aDELHI
_c2004
300 _a1-436
650 _aGYNAECOLOGY
942 _2ddc
_cBK
999 _c3898
_d3898